000 00599nas a2200229 4500
001 BR9603608
003 BR-BrBNA
005 20231205094811.0
007 ta
008 230509b bl.|||p| |||| 00| 00por d
040 _aBR-BrBNA
_bpor
_cBiblioteca Nacional de Agricultura
041 _a(Pt)
072 _aL01
100 1 _aAnon.
245 1 _aComo fazer a descorna
650 _aBovino
650 _aDescorna
650 _aChifre
773 0 _tBalde Branco (Brazil)
_xISSN 0005-4275
_g(Mar 1972), no. 89 p. 22
_wBR9603608
909 _a202311
_bLúcia
_c55
_dLúcia Elande
942 _2AGRIS
_n0
_cANA
999 _c146921
_d146921